Elyarna Alexander-David v The Mayor and Burgesses of the London Borough of Hammersmith and Fulham (Record no. 81567)

MARC details
000 -LEADER
fixed length control field 01686cad a22002295a 4500
001 - CONTROL NUMBER
control field E147552
008 - FIXED-LENGTH DATA ELEMENTS--GENERAL INFORMATION
fixed length control field 090522e20090401xxk 000 0 eng d
035 ## - SYSTEM CONTROL NUMBER
System control number (Sirsi) u147552
041 0# - LANGUAGE CODE
Language code of text/sound track or separate title eng
245 00 - TITLE STATEMENT
Title Elyarna Alexander-David v The Mayor and Burgesses of the London Borough of Hammersmith and Fulham
Medium [electronic resource]
260 ## - PUBLICATION, DISTRIBUTION, ETC.
Date of publication, distribution, etc. 2009
520 ## - SUMMARY, ETC.
Summary, etc. [2009] EWCA Civ 259, 1 April 2009. Concerns an attempt by Hammermith and Fulham Borough Council to take possession of a property which they had rented out to the appellant (A) when she was 16 years old, due to anti-social behaviour and non-payment of rent. A challenged the possession order on the grounds that the Law of Property Act 1925 prohibits a minor from holding a legal estate in land, and that the Trusts of Land and Appointment of Trustees Act 1996 states that an attempt to grant a legal estate to a minor operates as a declaration that the legal estate is held on trust for the minor. "Held": appeal allowed. The Council were in effect the lessor and trustee, and the service of the notice to quit on only the minor beneficiary of the trust was not sufficient to terminate the tenancy.
590 ## - LOCAL NOTE (RLIN)
Local note KA
650 24 - SUBJECT ADDED ENTRY--TOPICAL TERM
Topical term or geographic name entry element TRUSTS OF LAND AND APPOINTMENT OF TRUSTEES ACT 1996
650 24 - SUBJECT ADDED ENTRY--TOPICAL TERM
Topical term or geographic name entry element ALEXANDER-DAVID V HAMMERSMITH AND FULHAM LBC
650 24 - SUBJECT ADDED ENTRY--TOPICAL TERM
Topical term or geographic name entry element HOMELESSNESS (PRIORITY NEED FOR ACCOMMODATION) (ENGLAND) ORDER 2002
650 24 - SUBJECT ADDED ENTRY--TOPICAL TERM
Topical term or geographic name entry element LAW OF PROPERTY ACT 1925
651 #4 - SUBJECT ADDED ENTRY--GEOGRAPHIC NAME
Geographic name England and Wales
Chronological subdivision 1543-
690 ## - LOCAL SUBJECT ADDED ENTRY--TOPICAL TERM (OCLC, RLIN)
Topical term or geographic name as entry element PROPERTY-RESIDENTIAL PROPERTY-RESIDENTIAL LANDLORD AND TENANT
856 40 - ELECTRONIC LOCATION AND ACCESS
Uniform Resource Identifier <a href="https://www.bailii.org/ew/cases/EWCA/Civ/2009/259.html">https://www.bailii.org/ew/cases/EWCA/Civ/2009/259.html</a>
Public note View the case free of charge at www.baillii.org...
942 ## - ADDED ENTRY ELEMENTS (KOHA)
Suppress in OPAC 0
Holdings
Withdrawn status Lost status Source of classification or shelving scheme Damaged status Not for loan Home library Current library Shelving location Date acquired Total Checkouts Full call number Barcode Date last seen Copy number Price effective from Koha item type
    Dewey Decimal Classification     Virtual Virtual Online 22/05/2009   ONLINE PUBLICATION 147552-2001 06/08/2019 1 06/08/2019 Law report